01348nam a2200277 a 4500001001000000003000900010005001700019007000300036008004100039010001500080020001800095040002500113082002200138100002700160245016500187260008300352300002000435500034400455500002200799504002800821650005400849651005700903700002000960700002700980710006301007000002067DO-SdBNP20240430111442.0ta090630s2007 dr 000 0 spa d a2009403467 a9789993480464 aDO-SdBNPbspacBNPHU 4a361.61bC116p2221 aCañete Alonso, Rosa.10aPolítica Social en República Dominicana 1930-2007 :b¿inclusión o asistencia? /cRosa Cañete Alonso, Olaya O. Dotel ; prólogo José Luís Alemán. aSanto Domingo :bCentro de Estudios Sociales Padre Juan Montalvo, S.J.,c2007. a123 p. ;c2007. a"Olaya Dotel y Rosa Cañete han compuesto para el Banco Internacional de Desarrollo (BID) una muy notable consultoría para el Análisis de Políticas Institucionales de Implementación de los Programas Focalizados de Protección Social, que ahora pone a circular el Centro de Estudios Sociales del Padre Juan Montalvo."-- Prólogo. aIncluye índice. aBibliográfía 87-90. 4aServicio socialzRepública DominicanaxHistoria 4aRepública DominicanaxPolítica socialy1930-20071 aDotel, Olaya O.1 aAlemán, José Luis,1 aRepública Dominicana.bBanco Internacional de Desarrollo